000 00346nam a22001457a 4500
008 230705b ||||| |||| 00| 0 eng d
020 _a9780970491930
041 _aeng
080 _2FIRST EDITION
_a316
082 _a316JEN
100 _a24
101 _aSOG
245 _aSOCIOLOGICAL THEORY A CRITICAL PRIMER
_cJENSEN .A.W
942 _2udc
_cBK
999 _c60088
_d60088